000 004590000a22001570004500
003 LK-CoMWRAF
008 230817t ||||| |||| 00| 0 eng d
040 _aLK-CoMWRAF
_dLK-CoMWRAF
_eLK-CoMWRAF
041 _aeng
082 _a007
_bMUS
245 _aThe Muslim Marriage And Divorce Law Reports
_bcontaining cases decided by the Board of Quazis,
260 _aColombo
_bDept of government printing
_c1997
300 _ap.102
490 _aVol - VI
942 _cBK
999 _c142
_d142